Pratique Asie - Question boni test "Population" - Statistiques

Statistiques générales
  • Ce quiz a été pris 860 fois
  • Le résultat moyen est 9 sur 12
Réponses sur la Carte
Les réponses sont colorées sur une échelle allant du rouge au vert en fonction du pourcentage des utilisateurs qui les ont devinées à leur premier essai. Vous pouvez retrouver ces pourcentages ci-dessous.
 
Statistiques - réponses
Réponse % Correct
Chine
92%
Inde
87%
Turquie
78%
Bangladesh
72%
Pakistan
72%
Myanmar
70%
Iran
69%
Syrie
67%
Liban
64%
Afghanistan
63%
Jordanie
63%
Irak
61%
Aucun quiz correspondant
Distribution des résultats
% des personnes avec chaque résultat
Percentile par nombre de réponses
Votre historique - résultats
Vous n’avez pas pris ce quiz